|
|
|
|
| LEADER |
00866nab#a2200301#ar4500 |
| 001 |
000061652 |
| 003 |
SVKKK |
| 005 |
19960307xxxxxxx. |
| 008 |
06 c xo huno |
| FMT |
|
|
|
| 038 |
|
|
|a SVKKK
|
| 040 |
|
|
|a SVKKK
|b slo
|e AACR2
|
| 041 |
0 |
|
|a hun
|
| 044 |
|
|
|a xo
|c SK
|
| 080 |
|
|
|a 339.5
|
| 242 |
1 |
0 |
|a Export do Ameriky
|
| 245 |
0 |
0 |
|a Kivitelünk Amerikába
|
| 650 |
0 |
4 |
|a Obchodná a priemyselná komora, Miškovec (MR) - inofmácie - ponuka - správy
|
| 650 |
0 |
4 |
|a obchod zahraničný - export - zákon colný - Spojené štáty severoamerické - november 1913 - zmeny - zníženie
|
| 773 |
0 |
|
|t Rozsnyói Hiradó
|g Roč. 36, č. 45 (02.11.1913) s. 3
|
| 957 |
|
|
|a Miškovec (MR)
|
| 957 |
|
|
|a Spojené štáty severoamerické
|
| 957 |
|
|
|a Uhorsko
|
| 958 |
|
|
|a SK
|
| 974 |
|
|
|a ebl
|d 19960307
|
| 992 |
|
|
|a RBX
|
| BAS |
|
|
|
| 998 |
|
|
|a RETRO
|